|
|
|
|
| LEADER |
00912cam a2200241 7i4500 |
| 001 |
0000038721 |
| 005 |
20220905090000.0 |
| 020 |
|
|
|a 9831002903 (pbk.)
|
| 020 |
|
|
|a 9789831002902
|
| 090 |
0 |
0 |
|a DS422.C64
|b M273 2006
|
| 100 |
0 |
|
|a Md. Afandi Hj. Awang
|
| 245 |
1 |
0 |
|a Komunalisme :
|b kesannya ke atas peradaban India
|c Md. Afandi Hj. Awang.
|
| 260 |
|
|
|a Kuala Lumpur:
|b Penerbit UM,
|c 2006.
|
| 300 |
|
|
|a xi, 188 p.;
|c 23 cm.
|
| 490 |
0 |
|
|a Siri kajian peradaban
|
| 500 |
|
|
|a Gift: Puan Rabi'atul Aribah Muhamad Isa
|
| 650 |
0 |
0 |
|a Communalism --
|z India
|
| 651 |
|
0 |
|a India --
|x Politics and government
|
| 997 |
|
|
|a Education & Social Sciences, Faculty
|b Islamic Studies, Department
|
| 998 |
|
|
|a Islamic Studies, Degree
|
| 999 |
|
|
|a 0000054385
|b BOK
|c OPEN SHELF
|e 1st Floor, Bestari Jaya
|
| 999 |
|
|
|a 0000054386
|b BOK
|c OPEN SHELF
|e 1st Floor, Shah Alam
|
| 999 |
|
|
|a 0000063541
|b BOK
|c OPEN SHELF
|e 1st Floor, Bestari Jaya
|